Score 0/20 Timer 05:00
2 Plays Today
% Correct
breath alcohol test
94.4%
paternity test
94.1%
IQ test
93.6%
screen test
91.5%
crash test
90.9%
polygraph test
90.1%
literacy test
90%
personality test
85.2%
litmus test
85%
beta test
84.5%
% Correct
road test
82.2%
Rorschach test
82%
rabbit test
78.8%
scratch test
78.5%
stress test
78.5%
rational basis test
70.6%
thin layer chromatography test
69%
primality test
60.7%
Turing test
57.7%
chi-square test
56.5%
Remove Ads.
Support Sporcle.
Get the best of Sporcle when you Go Orange. This ad-free experience offers more features, more stats, and more fun while also helping to support Sporcle. Thank you for becoming a member.

You're not logged in!

Compare scores with friends on all Sporcle quizzes.
OR
Log In

Show Comments

Extras

Top Quizzes Today


Score Distribution

Your Account Isn't Verified!

In order to create a playlist on Sporcle, you need to verify the email address you used during registration. Go to your Sporcle Settings to finish the process.

Report this User

Report this user for behavior that violates our Community Guidelines.

Details: